000 01115nam1a22002291i 4500
001 rc\3487838
005 20240726084103.0
035 _a(NLR Aleph) 007605437
090 _a5759947
_c5759947
100 _a20130115d1974 |||y0rusy50 ca
101 0 _arus
102 _aRU
105 _ay z |||||
200 1 _aНаучная организация труда и управления в государственных учреждениях
_eКниги и журн. статьи...
_eНа рус. яз. и яз. других народов СССР
210 _aЧимкент
_cБ. и.
_d1974
215 _d20
225 1 _aГосплан КазССР. Южно-Казахстанский межотраслевой территориальный центр научно-технической информации и пропаганды. Чимкентская научно-техническая библиотека. Тематический указатель литературы
801 0 _aRU
_bNLR
_gpsbo
801 1 _aRU
_bELAR
_2rusmarc
852 _aNLR
_jС737-420/Т-32
942 _cBOOK